Delincuencia por computadora : ética /

Obra sobre el problema de copia ilegal de programas y documentos informáticos. La propuestas que para resguardar la información y el equipo que aquí se dan, no se limitan a proteger los datos de la duplicación ilícita o pérdida accidental, sino también a que el equipo de cómputo debe ser protegido d...

詳細記述

保存先:
書誌詳細
第一著者: Wauson, Jennifer (autor)
その他の著者: Wilson, Kevin (autor) (autor), Wilson, Kevin (guión) (guión), Dewitt, David (fotógrafo) (fotógrafo), Villarreal, David (fotógrafo) (fotógrafo), Stanley, Rex (fotógrafo) (fotógrafo), Taylor, Barry (música) (música), Murry, Robb (música) (música)
フォーマット: スライド
言語:スペイン語
出版事項: lugar de publicación no identificado : Inglaterra : México : Production Group ; Open University ; Películas EBESA [dist.], 1987, c1987
主題:
タグ: タグ追加
タグなし, このレコードへの初めてのタグを付けませんか!

MARC

LEADER 00000ngm^a2200000^a^4500
001 000126777
005 20250521000000.0
009 20260310094737.275
037 |a Acervo ITESO - Biblioteca 
041 |a ESP 
082 |a 658. 478  |b WAU 
100 |a Wauson, Jennifer  |e (autor) 
245 1 0 |a Delincuencia por computadora :  |b ética /  |c J. Wauson, K. Wilson. 
246 2 |a Título en la pantalla: El delito de la computación y medidas de seguridad 
264 4 |a lugar de publicación no identificado :  |b Production Group ;  |a Inglaterra :  |b Open University ;  |a México :  |b Películas EBESA [dist.],  |c 1987, c1987 
300 |a 1 videocasete VHS  |c (30 min.) 
336 |a imagen móvil bidimensional  |b tdi  |2 rdacontenido 
337 |a video  |b v  |2 rdamedio 
338 |a videocasete  |b vf  |2 rdasoporte 
500 |a Traducción de: Cumputer Crime Ethics and Data Security 
520 |a Obra sobre el problema de copia ilegal de programas y documentos informáticos. La propuestas que para resguardar la información y el equipo que aquí se dan, no se limitan a proteger los datos de la duplicación ilícita o pérdida accidental, sino también a que el equipo de cómputo debe ser protegido de eventuales fenómenos naturales. 
546 |a Doblaje al español 
649 |a XX 
650 |a Computadoras -  |x Seguridad -  |x Control 
650 |a Paquetes (Software) 
650 |a Criptografía 
650 |a Protección de Datos 
650 |a Sistemas de Información 
650 |a Delitos 
650 |a Informática 
650 |a Tecnologías de Comunicación e Información 
650 |a Ingeniería Computacional 
700 |a Wilson, Kevin  |e (autor) 
700 |a Wilson, Kevin  |e (guión) 
700 |a Dewitt, David  |e (fotógrafo) 
700 |a Villarreal, David  |e (fotógrafo) 
700 |a Stanley, Rex  |e (fotógrafo) 
700 |a Taylor, Barry  |e (música) 
700 |a Murry, Robb  |e (música) 
910 |a Fondo General 
920 |a Audiovisuales - Videocasetes 
905 |a 301 
901 |a 0500055543  |b IT2  |c VIS  |u 20250521 
902 |a https://opac.biblio.iteso.mx/vufind/Record/000126777